[Event "OPEN INTER REUNION 2023"]
[Site "SALLE DES FETES DE BELLEPIERRE"]
[Date "2023.10.14"]
[Round "8.5"]
[White "Hoareau, Hugues"]
[Black "Roblet, Charles"]
[Result "0-1"]
[WhiteElo "1857"]
[BlackElo "2008"]
[PlyCount "48"]
[EventDate "2023.??.??"]

1. e4 c5 2. c4 Nc6 3. g3 d6 4. Bg2 g6 5. Ne2 Bg7 6. O-O e6 7. Nbc3 Nge7 8. d3
O-O 9. Be3 Nd4 10. Rb1 Nec6 11. a3 a5 12. a4 b6 13. f4 Bb7 14. Bf2 Qd7 15. h3
f5 16. Nxd4 Nxd4 17. Ne2 Nxe2+ 18. Qxe2 Rae8 19. exf5 exf5 20. Qc2 Bxg2 21.
Kxg2 Re6 22. Rbe1 Rfe8 23. Rxe6 Rxe6 24. b3 Qc6+ 0-1

[Event "OPEN INTER REUNION 2023"]
[Site "SALLE DES FETES DE BELLEPIERRE"]
[Date "2023.10.14"]
[Round "8.6"]
[White "Balague Canadell, Jordi"]
[Black "Triton, Maxime"]
[Result "1/2-1/2"]
[WhiteElo "1940"]
[BlackElo "1878"]
[PlyCount "61"]
[EventDate "2023.??.??"]

1. d4 Nf6 2. c4 g6 3. h4 Bg7 4. Nc3 d6 5. e4 h5 6. Be2 O-O 7. Nf3 e5 8. d5 a5
9. Bg5 Na6 10. O-O Qe8 11. Qc2 Nh7 12. Be3 f5 13. a3 f4 14. Bd2 Qe7 15. Na4 Bg4
16. Rfc1 Bxf3 17. gxf3 Qxh4 18. Kg2 Qg5+ 19. Kh2 Qh4+ 20. Kg2 Qg5+ 21. Kh2 Nc5
22. Nxc5 dxc5 23. b4 Qh4+ 24. Kg2 Qg5+ 25. Kh2 cxb4 26. axb4 Qh4+ 27. Kg2 Qg5+
28. Kh2 Rfd8 29. c5 Qh4+ 30. Kg2 Qg5+ 31. Kh2 1/2-1/2

[Event "OPEN INTER REUNION 2023"]
[Site "SALLE DES FETES DE BELLEPIERRE"]
[Date "2023.10.14"]
[Round "8.7"]
[White "Balague Camps, Marc"]
[Black "Hoarau, Antoine"]
[Result "1-0"]
[WhiteElo "2193"]
[BlackElo "1436"]
[PlyCount "95"]
[EventDate "2023.??.??"]

1. d4 Nf6 2. c4 g6 3. Nc3 Bg7 4. e4 d6 5. Nf3 O-O 6. Be2 e5 7. Be3 Nc6 8. d5
Ne7 9. Nd2 Ne8 10. g4 f5 11. gxf5 gxf5 12. Bg5 Nf6 13. Rg1 Kh8 14. f3 Bd7 15.
Qb3 Rb8 16. O-O-O a6 17. Kb1 f4 18. Bh4 Qe8 19. Bf2 b5 20. cxb5 axb5 21. Qb4
Qd8 22. Nb3 Ne8 23. Na5 Bf6 24. Bxb5 c6 25. dxc6 Nxc6 26. Nxc6 Bxc6 27. a4 Be7
28. Qc4 Bb7 29. Rg2 Rc8 30. Qb3 Bc6 31. Rdg1 Nf6 32. Bxc6 Rxc6 33. Qe6 Rc8 34.
Rg7 Qd7 35. Qxd7 Nxd7 36. Rxe7 Nf6 37. Bh4 Ne8 38. a5 Rc7 39. Rxe8 Rxe8 40.
Bf6+ Rg7 41. Rxg7 Rf8 42. Rf7+ Kg8 43. Rxf8+ Kxf8 44. a6 Kf7 45. a7 Kxf6 46.
a8=Q Kg5 47. Qg8+ Kf6 48. Nd5# 1-0

[Event "OPEN INTER REUNION 2023"]
[Site "SALLE DES FETES DE BELLEPIERRE"]
[Date "2023.10.14"]
[Round "8.8"]
[White "Picard, Vincent"]
[Black "De Peindray D'Ambell, Philippe"]
[Result "1/2-1/2"]
[WhiteElo "1730"]
[BlackElo "1857"]
[PlyCount "71"]
[EventDate "2023.??.??"]

1. Nf3 c5 2. c4 Nc6 3. Nc3 g6 4. e3 Bg7 5. d4 cxd4 6. exd4 d6 7. h3 Nf6 8. Be2
O-O 9. O-O Re8 10. Be3 d5 11. Rc1 dxc4 12. Bxc4 Na5 13. Bb5 Bd7 14. Ne5 a6 15.
Nxd7 Nxd7 16. Be2 Rc8 17. Ne4 Nc6 18. Qd2 Qa5 19. Rxc6 Qxd2 20. Rxc8 Qxe2 21.
Rxe8+ Nf8 22. Rc1 f5 23. Ng3 Qxb2 24. Rc7 e6 25. Ree7 Bxd4 26. Rxb7 Qa1+ 27.
Kh2 Bxe3 28. fxe3 Qe5 29. Ra7 h5 30. h4 g5 31. Kh3 g4+ 32. Kh2 Qf6 33. Kg1 Qxh4
34. Rg7+ Kh8 35. Rgf7 Kg8 36. Rg7+ 1/2-1/2

[Event "OPEN INTER REUNION 2023"]
[Site "SALLE DES FETES DE BELLEPIERRE"]
[Date "2023.10.14"]
[Round "8.9"]
[White "Evrin, Selvam"]
[Black "Fondrat, Johan"]
[Result "0-1"]
[WhiteElo "1806"]
[BlackElo "1831"]
[PlyCount "47"]
[EventDate "2023.??.??"]

1. e4 c5 2. Nf3 Nc6 3. d4 cxd4 4. Nxd4 g6 5. Nc3 Bg7 6. Be3 Nf6 7. Bc4 O-O 8.
Bb3 d6 9. f3 Bd7 10. Qd2 a5 11. a4 Qb8 12. Ndb5 Ne5 13. O-O-O Rc8 14. h4 Nc4
15. Bxc4 Rxc4 16. b3 Rc6 17. Bd4 Qf8 18. g4 Ne8 19. h5 Rac8 20. Kb2 Bxd4 21.
Qxd4 Qg7 22. Qe3 Rc5 23. Rd5 Bxb5 24. axb5 0-1

[Event "OPEN INTER REUNION 2023"]
[Site "SALLE DES FETES DE BELLEPIERRE"]
[Date "2023.10.14"]
[Round "8.10"]
[White "Folio, Thomas"]
[Black "Enilorac, Julien"]
[Result "0-1"]
[WhiteElo "1558"]
[BlackElo "1398"]
[PlyCount "90"]
[EventDate "2023.??.??"]

1. d4 Nf6 2. f4 d5 3. Nf3 Bf5 4. e3 e6 5. Bd3 c5 6. O-O Bd6 7. Ne5 Nc6 8. c3
O-O 9. h3 Ne7 10. g4 Bxd3 11. Qxd3 h5 12. g5 Ne4 13. Nf3 Nf5 14. Bd2 Qc7 15.
Be1 Rac8 16. dxc5 Bxc5 17. Nd4 Bxd4 18. exd4 Qb6 19. b3 Qc6 20. Rf3 a6 21. a4
Qb6 22. b4 Qc6 23. b5 Qc4 24. Qd1 axb5 25. axb5 Qxb5 26. Na3 Qb2 27. Nc2 Nxc3
28. Bxc3 Rxc3 29. Rxc3 Qxc3 30. Ra3 Qb2 31. Rd3 Rc8 32. Rd2 Qb3 33. Qe2 Qxh3
34. Rd3 Qg4+ 35. Qxg4 hxg4 36. Na3 Kh7 37. Nb5 Rc4 38. Rd2 g3 39. Kg2 Kg6 40.
Kf3 Rb4 41. Nc7 Rxd4 42. Rb2 Rd3+ 43. Kg2 Nh4+ 44. Kh3 g2+ 45. Kh2 Rd1 0-1